000 00204 a2200097 4500
001 29085
100 _aEson M E
245 _aPsychological foundation
260 _a
_bRinehart
_c
090 _c19416
_d19416
942 _aNUST-CAE
_cM
_c10465
999 _c264158
_d264158